Press Start! (Record no. 4033)
[ view plain ]
| 000 -LEADER | |
|---|---|
| fixed length control field | 01614nam a2200373 i 4500 |
| 003 - CONTROL NUMBER IDENTIFIER | |
| control field | 0 |
| 005 - DATE AND TIME OF LATEST TRANSACTION | |
| control field | 20250107134145.0 |
| 008 - FIXED-LENGTH DATA ELEMENTS--GENERAL INFORMATION | |
| fixed length control field | 191029s2018 nyua j 000 1 eng d |
| 020 ## - INTERNATIONAL STANDARD BOOK NUMBER | |
| International Standard Book Number | 9781338034752 |
| 040 ## - CATALOGING SOURCE | |
| Original cataloging agency | CaOL |
| Description conventions | rda |
| Transcribing agency | 0 |
| Modifying agency | KH8 |
| 100 1# - MAIN ENTRY--PERSONAL NAME | |
| Personal name | Flintham, Thomas, |
| Relator term | author, |
| -- | illustrator. |
| 245 10 - TITLE STATEMENT | |
| Title | Press Start! |
| Name of part/section of a work | Super Rabbit Boy vs. Super Rabbit Boss! / |
| Statement of responsibility, etc. | Thomas Flintham. |
| 246 33 - VARYING FORM OF TITLE | |
| Title proper/short title | Press Start! |
| Name of part/section of a work | Super Rabbit Boy versus Super Rabbit Boss. |
| 246 33 - VARYING FORM OF TITLE | |
| Title proper/short title | Super Rabbit Boy versus Super Rabbit Boss. |
| 246 30 - VARYING FORM OF TITLE | |
| Title proper/short title | Super Rabbit Boy vs. Super Rabbit Boss. |
| 264 #1 - PRODUCTION, PUBLICATION, DISTRIBUTION, MANUFACTURE, AND COPYRIGHT NOTICE | |
| Place of production, publication, distribution, manufacture | New York : |
| Name of producer, publisher, distributor, manufacturer | Branches/Scholastic Inc., |
| Date of production, publication, distribution, manufacture, or copyright notice | [2018] |
| 264 #4 - PRODUCTION, PUBLICATION, DISTRIBUTION, MANUFACTURE, AND COPYRIGHT NOTICE | |
| Date of production, publication, distribution, manufacture, or copyright notice | ©2018. |
| 336 ## - CONTENT TYPE | |
| Content type term | text |
| Content type code | txt |
| Source | rdacontent. |
| 336 ## - CONTENT TYPE | |
| Content type term | still image |
| Content type code | sti |
| Source | rdacontent. |
| 337 ## - MEDIA TYPE | |
| Media type term | unmediated |
| Media type code | n |
| Source | rdamedia. |
| 338 ## - CARRIER TYPE | |
| Carrier type term | volume |
| Carrier type code | nc |
| Source | rdacarrier. |
| 490 1# - SERIES STATEMENT | |
| Series statement | Press start! ; |
| Volume/sequential designation | 4. |
| 490 1# - SERIES STATEMENT | |
| Series statement | Branches (Scholastic Inc.) |
| 520 ## - SUMMARY, ETC. | |
| Summary, etc. | Super Rabbit Boy falls down a pipe and discovers himself in a mirror reality where everyone good is now evil, including his mirror self, Super Rabbit Boss, and he must make friends with King Viking (now one of the good guys) and somehow defeat his alter ego in order to save this world--and somehow find a way back to his own reality. |
| 650 #0 - SUBJECT ADDED ENTRY--TOPICAL TERM | |
| Topical term or geographic name entry element | Superheroes |
| Form subdivision | Juvenile fiction. |
| 650 #0 - SUBJECT ADDED ENTRY--TOPICAL TERM | |
| Topical term or geographic name entry element | Supervillains |
| Form subdivision | Juvenile fiction. |
| 650 #0 - SUBJECT ADDED ENTRY--TOPICAL TERM | |
| Topical term or geographic name entry element | Animals |
| Form subdivision | Juvenile fiction. |
| 650 #0 - SUBJECT ADDED ENTRY--TOPICAL TERM | |
| Topical term or geographic name entry element | Video games |
| Form subdivision | Juvenile fiction. |
| 650 #0 - SUBJECT ADDED ENTRY--TOPICAL TERM | |
| Topical term or geographic name entry element | Action and adventure fiction. |
| Source of heading or term | genre. |
| 650 #0 - SUBJECT ADDED ENTRY--TOPICAL TERM | |
| Topical term or geographic name entry element | Superhero fiction. |
| Source of heading or term | genre. |
| 830 #0 - SERIES ADDED ENTRY--UNIFORM TITLE | |
| Uniform title | Branches (Scholastic Inc.) |
| 830 #0 - SERIES ADDED ENTRY--UNIFORM TITLE | |
| Uniform title | Press start! ; |
| Volume/sequential designation | 4. |
| 942 ## - ADDED ENTRY ELEMENTS (KOHA) | |
| Source of classification or shelving scheme | |
| Koha item type | Books |
No items available.